Capitales des pays participants à la coupe du monde de foot 1982 - Statistiques

Statistiques générales
  • Ce quiz a été pris 40 fois
    37 depuis la dernière actualisation
  • Le résultat moyen est 18 sur 24
Statistiques - réponses
Capitales % Correct
Madrid
97%
Paris
97%
Rome
97%
Berlin (Bonn)
94%
Brasilia
91%
Buenos Aires
91%
Londres
91%
Alger
84%
Bruxelles
81%
Moscou
81%
Varsovie
81%
Vienne
78%
Budapest
75%
Santiago
72%
Prague
69%
Belgrade
63%
Lima
63%
Yaoundé
63%
Koweït
59%
Wellington
56%
Belfast
50%
Edimbourg
47%
Tegucigalpa
44%
San Salvador
41%
Aucun quiz correspondant
Distribution des résultats
% des personnes avec chaque résultat
Percentile par nombre de réponses
Votre historique - résultats
Vous n’avez pas pris ce quiz depuis la dernière actualisation